Hope in a scarlet Rope : (Record no. 143649)

MARC details
000 -LEADER
fixed length control field 00565nam a22001817a 4500
005 - DATE AND TIME OF LATEST TRANSACTION
control field 20170822144142.0
010 ## - LCCN (DPL NO)
LC control number ENG-119945
020 ## - INTERNATIONAL STANDARD BOOK NUMBER
International Standard Book Number 9381016569
Terms of availability 120.00
035 ## - SYSTEM CONTROL NUMBER
System control number EN-103477
037 ## - SOURCE OF ACQUISITION
Source of stock number/acquisition DBAB/PUB
082 ## - DEWEY DECIMAL CLASSIFICATION NUMBER
Classification number S
100 ## - MAIN ENTRY--PERSONAL NAME
Personal name Baehr, Kingsley M.
245 ## - TITLE STATEMENT
Title Hope in a scarlet Rope :
Statement of responsibility, etc by Kingsley M. Baehr
Remainder of title Bible Quest devotions for teens /
260 ## - PUBLICATION, DISTRIBUTION, ETC. (IMPRINT)
Place of publication, distribution, etc Chennai
Name of publisher, distributor, etc Moriah Ministeries
Date of publication, distribution, etc 2015
270 ## - ADDRESS
Address No. 31/33, Water Tank Road, MMDA Colony Arumbakkam,
City Chennai
Postal code 600106
300 ## - PHYSICAL DESCRIPTION
Extent xii,175p. :
Dimensions 22cm(pbk)
Other physical details ill.
942 ## - ADDED ENTRY ELEMENTS (KOHA)
Source of classification or shelving scheme Dewey Decimal Classification
Item type English Books
Classification part S
Call number suffix BAE
Holdings
Withdrawn status Lost status Not for loan Collection code Home library Current library Date acquired Source of acquisition Cost, normal purchase price Full call number Barcode Copy number Cost, replacement price Koha item type
      Non-fiction Narela Narela 22/08/2017 DBAD/PUB 120.00 S BAE EN-103477 1 120.00 English Books

© Delhi Public Library
Hit Counter
free hit counter